Anuario del libro y de las artes gráficas. (Record no. 2539)

MARC details
000 -LEADER
campo de control de longitud fija 01036nas a22002891i#4500
001 - NÚMERO DE CONTROL
campo de control 2539
003 - IDENTIFICADOR DE NÚMERO DE CONTROL
campo de control ES-MaACL
005 - FECHA Y HORA DE LA ÚLTIMA TRANSACCIÓN
campo de control 20251112161955.0
008 - DATOS DE LONGITUD FIJA--INFORMACIÓN GENERAL
campo de control de longitud fija 950801d19351946sp | | 1 ||pa d
080 ## - NÚMERO DE LA CLASIFICACIÓN DECIMAL UNIVERSAL
Número de la Clasificación Decimal Universal 015(460)
080 ## - NÚMERO DE LA CLASIFICACIÓN DECIMAL UNIVERSAL
Número de la Clasificación Decimal Universal 655.4(460)(058)
245 00 - MENCIÓN DEL TÍTULO
Título Anuario del libro y de las artes gráficas.
260 ## - PUBLICACIÓN, DISTRIBUCIÓN, ETC.
Lugar de publicación, distribución, etc. Barcelona :
Nombre del editor, distribuidor, etc. Camara Oficial del Libro,
Fecha de publicación, distribución, etc. 1935-1947.
300 ## - DESCRIPCIÓN FÍSICA
Extensión 10 v. ;
Dimensiones 27 cm.
310 ## - PERIODICIDAD ACTUAL
Periodicidad actual Anual
362 0# - FECHAS DE PUBLICACIÓN Y/O DESIGNACIÓN SECUENCIAL
Fecha de publicación y/o designación secuencial 1935-1946.
515 ## - NOTA DE PECULIARIDADES DE LA NUMERACIÓN
Nota de peculiaridades de la numeración Suspendida entre 1937 y 1944.
550 ## - NOTA DE ENTIDAD RESPONSABLE
Nota de entidad responsable 1945 y 1946 editados en Madrid, por: La Editorial Católica; con el apoyo del I.N.L.E.
650 07 - PUNTO DE ACCESO ADICIONAL DE MATERIA--TÉRMINO DE MATERIA
Término de materia o nombre geográfico como elemento de entrada Bibliografías españolas
Fuente del encabezamiento o término embne
9 (RLIN) 10523
650 #4 - PUNTO DE ACCESO ADICIONAL DE MATERIA--TÉRMINO DE MATERIA
Término de materia o nombre geográfico como elemento de entrada Industria gráfica-
Subdivisión geográfica España-
Subdivisión de forma Directorios.
9 (RLIN) 151204
700 1# - ENTRADA AGREGADA--NOMBRE PERSONAL
Nombre de persona Cervera, Francisco,
Fechas asociadas al nombre 1893-1984
9 (RLIN) 37649
700 1# - ENTRADA AGREGADA--NOMBRE PERSONAL
Nombre de persona Lasso de la Vega Jiménez-Placer, Javier,
Fechas asociadas al nombre 1892-1990
9 (RLIN) 70478
785 00 - ENTRADA/ENLACE A UN TÍTULO POSTERIOR
Encabezamiento principal Anuario español e hispano-americano del libro y de las artes gráficas
852 ## - LOCALIZACIÓN
Ubicación ES-MaACL
Número de control de estantería B-13804-13
866 #0 - MENCIÓN TEXTUAL DE FONDOS--UNIDAD BIBLIOGRÁFICA BÁSICA
Fondos 1945-58.
Holdings
Estatus retirado Estado de pérdida Estado de daño No para préstamo Colección Biblioteca de origen Biblioteca actual Ubicación en estantería Fecha de adquisición Fuente de adquisición Total de préstamos Signatura topográfica completa Código de barras Visto por última vez Precio de reemplazo Tipo de ítem Koha
        Periódicos y Revistas Biblioteca del Ateneo de Madrid Biblioteca del Ateneo de Madrid Sala Pardo Bazán 17/01/2008     B-13804-13 1002582 23/02/2023 23/02/2023 Revista